| 000 | 00000nam##2200000za#4500 |
| 001 | 9.640318 |
| 003 | CaOODSP |
| 005 | 20210624222619 |
| 007 | cr ||||||||||| |
| 008 | 150407|2001||||xxc|||||o f|0| 0 fre|d |
| 040 | |aCaOODSP|bfre |
| 043 | |an-cn--- |
| 086 | 1 |aE84-6/2001F-PDF |
| 110 | 1 |aCanada.|bDroits et Démocratie (Centre international des droits de la personne et du développement démocratique) |
| 245 | 10|aMission d'enquête sur le sort des peuples autochtones en Colombie, 27 mai-3 juin 2001 : |h[ressource électronique]|brapport / |corganisée par Droits et Démocratie en collaboration avec l'Assemblée des Premières Nations (Canada) ; [auteure, Eleanor Douglas]. |
| 260 | |aMontréal - Québec : |bDroits et Démocratie (Centre international des droits de la personne et du développement démocratique) |cc2001. |
| 300 | |a57p.|bréférences, photographies |
| 500 | |aL'ISBN (2-922084-47-7) de l'édition imprimée a été incorrectement copié dans l'édition électronique. |
| 590 | |a12-23-Supp|b2012-05-28 |
| 691 | 07|aAutochtones|2gcpds |
| 691 | 07|aEnquête sociale|2gcpds |
| 691 | 07|aDroits des autochtones|2gcpds |
| 720 | 1 |aDouglas, Eleanor |
| 775 | 08|tMission to Colombia to investigate the situation of indigenous peoples, May 27-June 3, 2001 : |w(CaOODSP)9.696198 |
| 776 | 0#|tMission d'enquête sur le sort des peuples autochtones en Colombie, 27 mai - 3 juin 2001 : |w(CaOODSP)9.681795 |
| 856 | 40|ahttp://publications.gc.ca|qPDF|s2.71 Mo|uhttps://publications.gc.ca/collections/Collection/E84-6-2001F.pdf |